Co stojí korupce

Tabuľka ekonomických nákladov korupcie v celosvetovom meradle. Ekonómovia vidia riešenie v 2 smeroch: v podpore politického a ekonomického súťaženia a v inštitucionálnych reformách (odmeňovanie štátnych úradníkov). Najhoršie dôsledky má korupcia v rozvojových krajinách. Na obmedzenie korupcie je v c...

Descrizione completa

Salvato in:
Dettagli Bibliografici
Natura: Capitolo di libro
Lingua:ceco
Soggetti:
Tags: Aggiungi Tag
Nessun Tag, puoi essere il primo ad aggiungerne!!

MARC

LEADER 00000naa a2200000 4500
001 r015219
005 20221205090531.0
041 0 |a cze 
044 |a CZ 
245 1 0 |a Co stojí korupce 
520 |a Tabuľka ekonomických nákladov korupcie v celosvetovom meradle. Ekonómovia vidia riešenie v 2 smeroch: v podpore politického a ekonomického súťaženia a v inštitucionálnych reformách (odmeňovanie štátnych úradníkov). Najhoršie dôsledky má korupcia v rozvojových krajinách. Na obmedzenie korupcie je v celosvetovom meradle zameraná nezisková organizácia Transparency International (sídlo v Berlíne, založená r. 1993). 
610 2 0 |a korupcia 
610 2 0 |a Transparency International Berlín